<?xml version="1.0" encoding="UTF-8"?>
<record
    xmlns:xsi="http://www.w3.org/2001/XMLSchema-instance"
    xsi:schemaLocation="http://www.loc.gov/MARC21/slim http://www.loc.gov/standards/marcxml/schema/MARC21slim.xsd"
    xmlns="http://www.loc.gov/MARC21/slim">

  <leader>03526nam a2200457 a 4500</leader>
  <controlfield tag="003">CHAP</controlfield>
  <controlfield tag="005">20250204085817.0</controlfield>
  <controlfield tag="007">cr ||||||a|c|a</controlfield>
  <controlfield tag="008">110216s2011    mx      r     00010 spa d</controlfield>
  <datafield tag="035" ind1=" " ind2=" ">
    <subfield code="a">112180</subfield>
  </datafield>
  <datafield tag="040" ind1=" " ind2=" ">
    <subfield code="c">CHAP</subfield>
  </datafield>
  <datafield tag="090" ind1=" " ind2=" ">
    <subfield code="a">Tesis</subfield>
  </datafield>
  <datafield tag="100" ind1="1" ind2=" ">
    <subfield code="a">Arteaga Conde, Jos&#xE9; Antonio.</subfield>
    <subfield code="9">7710</subfield>
  </datafield>
  <datafield tag="245" ind1="1" ind2="0">
    <subfield code="a">Radios comunitarios :</subfield>
    <subfield code="b">espacios de creaci&#xF3;n y resistencia frente al poder hegen&#xF3;nico. La experiencia de radio &#xD1;omndaa, la palabra de agua en Suljaa, Guerrero</subfield>
    <subfield code="c">/por Jos&#xE9; Antonio Arteaga Conde; director de tesis Beatriz de la Tejera Hern&#xE1;ndez.</subfield>
  </datafield>
  <datafield tag="264" ind1=" " ind2="1">
    <subfield code="a">Morelia, Michoacan M&#xE9;x. :</subfield>
    <subfield code="b">El autor,</subfield>
    <subfield code="c">2011.</subfield>
  </datafield>
  <datafield tag="300" ind1=" " ind2=" ">
    <subfield code="a">1 recurso en l&#xED;nea (150  p&#xE1;ginas) .</subfield>
  </datafield>
  <datafield tag="336" ind1=" " ind2=" ">
    <subfield code="2">rdacontent</subfield>
    <subfield code="a">texto</subfield>
    <subfield code="b">txt</subfield>
  </datafield>
  <datafield tag="337" ind1=" " ind2=" ">
    <subfield code="2">rdamedia</subfield>
    <subfield code="a">computadora</subfield>
    <subfield code="b">c</subfield>
  </datafield>
  <datafield tag="338" ind1=" " ind2=" ">
    <subfield code="2">rdacarrier</subfield>
    <subfield code="a">recursos en l&#xED;nea</subfield>
  </datafield>
  <datafield tag="502" ind1=" " ind2=" ">
    <subfield code="b">MCDRR</subfield>
    <subfield code="c">DCRU</subfield>
    <subfield code="d">2011.</subfield>
    <subfield code="g">MAE</subfield>
  </datafield>
  <datafield tag="520" ind1=" " ind2=" ">
    <subfield code="a">El presente trabajo es una investigaci&#xF3;n sobre el papel que las radios comunitarias desempe&#xF1;an en la sociedad contempor&#xE1;nea, las cuales contribuyen al debilitamiento del control y poder que ejercen los medios masivos de comunicaci&#xF3;n e informaci&#xF3;n, al tiempo que ayudan a que sean las comunidades quienes construyan sus propias alternativas de vida. En primer lugar, se realiz&#xF3; una revisi&#xF3;n bibliogr&#xE1;fica del papel de la comunicaci&#xF3;n en nuestra sociedad, de la forma en que los medios de comunicaci&#xF3;n comunitarios pueden ayudar al desarrollo en comunidades rurales. Tambi&#xE9;n se analiz&#xF3; el concepto de radio comunitaria desde la teor&#xED;a, para luego cotejarla con la forma en que las personas que participan en proyectos de comunicaci&#xF3;n comunitaria la entienden. Para el estudio de caso se analiz&#xF3; brevemente el contexto en el que se desarrolla la radio, se realizaron entrevistas a profundidad con integrantes de Radio &#xD1;omndaa, y se recopilaron y analizaron algunas de las producciones sonoras hechas por esta radio durante 2009. De esta manera se pudo observar c&#xF3;mo a pesar de la represi&#xF3;n que ha enfrentado esta radio comunitaria, y de diversas limitaciones que ha tenido en su quehacer radiof&#xF3;nico a lo largo de sus seis a&#xF1;os de existencia, cuenta con un amplio respaldo de la comunidad a la que pertenece, y ha logrado generar un discurso radiof&#xF3;nico propio, que responde a las necesidades comunicativas de los habitantes de la regi&#xF3;n (en su mayor&#xED;a ind&#xED;genas amuzgos), a partir de su cultura e identidad. Han logrado de esta manera, convertirse en una herramienta fundamental de resistencia y construcci&#xF3;n de alternativas frente a los procesos de hegemon&#xED;a y homogeneizaci&#xF3;n por parte de los grupos de poder regionales y nacionales.</subfield>
  </datafield>
  <datafield tag="590" ind1=" " ind2=" ">
    <subfield code="a">ALEPH</subfield>
    <subfield code="b">10</subfield>
    <subfield code="c">20130110</subfield>
  </datafield>
  <datafield tag="590" ind1=" " ind2=" ">
    <subfield code="a">BATCH-UPD</subfield>
    <subfield code="b">10</subfield>
    <subfield code="c">20130110</subfield>
  </datafield>
  <datafield tag="590" ind1=" " ind2=" ">
    <subfield code="a">BATCH-UPD</subfield>
    <subfield code="b">10</subfield>
    <subfield code="c">20130410</subfield>
  </datafield>
  <datafield tag="590" ind1=" " ind2=" ">
    <subfield code="a">BATCH-UPD</subfield>
    <subfield code="b">10</subfield>
    <subfield code="c">20130914</subfield>
  </datafield>
  <datafield tag="590" ind1=" " ind2=" ">
    <subfield code="a">BATCH-UPD</subfield>
    <subfield code="b">10</subfield>
    <subfield code="c">20140324</subfield>
  </datafield>
  <datafield tag="590" ind1=" " ind2=" ">
    <subfield code="a">BATCH-UPD</subfield>
    <subfield code="b">10</subfield>
    <subfield code="c">20141002</subfield>
  </datafield>
  <datafield tag="590" ind1=" " ind2=" ">
    <subfield code="a">BATCH</subfield>
    <subfield code="b">00</subfield>
    <subfield code="c">20181121</subfield>
  </datafield>
  <datafield tag="590" ind1=" " ind2=" ">
    <subfield code="a">CONVERSION</subfield>
    <subfield code="b">10</subfield>
    <subfield code="c">20130109</subfield>
  </datafield>
  <datafield tag="650" ind1="1" ind2="4">
    <subfield code="a">Comunicaci&#xF3;n</subfield>
    <subfield code="9">26206</subfield>
  </datafield>
  <datafield tag="650" ind1="1" ind2="4">
    <subfield code="a">Desarrollo de la comunidad rural</subfield>
    <subfield code="z">Guerrero.</subfield>
    <subfield code="9">32037</subfield>
  </datafield>
  <datafield tag="650" ind1="1" ind2="4">
    <subfield code="a">Radio en educaci&#xF3;n.</subfield>
    <subfield code="9">93691</subfield>
  </datafield>
  <datafield tag="700" ind1="1" ind2=" ">
    <subfield code="a">Tejera Hernandez, Beatriz G. de la</subfield>
    <subfield code="9">151095</subfield>
    <subfield code="e">Director de tesis.</subfield>
  </datafield>
  <datafield tag="856" ind1=" " ind2=" ">
    <subfield code="u">http://10.13.5.2/tesis/112180.pdf</subfield>
    <subfield code="z">DESCARGAR PDF</subfield>
  </datafield>
  <datafield tag="901" ind1=" " ind2=" ">
    <subfield code="a">BK</subfield>
  </datafield>
  <datafield tag="942" ind1=" " ind2=" ">
    <subfield code="c">TD</subfield>
    <subfield code="2">Clasificaci&#xF3;n Universidad Aut&#xF3;noma Chapingo</subfield>
  </datafield>
  <datafield tag="949" ind1=" " ind2=" ">
    <subfield code="a">Tesis</subfield>
    <subfield code="b">BC</subfield>
    <subfield code="c">TES</subfield>
    <subfield code="d">33724002230561</subfield>
    <subfield code="e">TS1</subfield>
    <subfield code="g">Donaci&#xD8;n</subfield>
    <subfield code="h">51971</subfield>
    <subfield code="i">112180</subfield>
    <subfield code="s">t</subfield>
  </datafield>
  <datafield tag="949" ind1=" " ind2=" ">
    <subfield code="a">Tesis</subfield>
    <subfield code="b">BC</subfield>
    <subfield code="c">TES</subfield>
    <subfield code="d">33724002230603</subfield>
    <subfield code="e">TS2</subfield>
    <subfield code="f">c.2</subfield>
    <subfield code="g">Donaci&#xD8;n</subfield>
    <subfield code="h">51972</subfield>
    <subfield code="i">112180</subfield>
    <subfield code="s">t</subfield>
  </datafield>
  <datafield tag="999" ind1=" " ind2=" ">
    <subfield code="c">100520</subfield>
    <subfield code="d">100520</subfield>
  </datafield>
  <datafield tag="952" ind1=" " ind2=" ">
    <subfield code="0">0</subfield>
    <subfield code="1">0</subfield>
    <subfield code="2">local</subfield>
    <subfield code="4">0</subfield>
    <subfield code="5">1</subfield>
    <subfield code="7">0</subfield>
    <subfield code="8">TesDigM</subfield>
    <subfield code="a">BD</subfield>
    <subfield code="b">BD</subfield>
    <subfield code="c">E_L</subfield>
    <subfield code="d">2019-12-31</subfield>
    <subfield code="l">0</subfield>
    <subfield code="o">Tesis digital</subfield>
    <subfield code="r">2019-12-31 00:00:00</subfield>
    <subfield code="w">2019-12-31</subfield>
    <subfield code="y">TD</subfield>
  </datafield>
</record>
